[Event "FIDE World Cup 2025"]
[Site "Goa, India"]
[Date "2025.11.08"]
[Round "21.4"]
[White "Donchenko, Alexander"]
[Black "Giri, Anish"]
[Result "1-0"]
[TimeControl ": 90 minutes for the first 40 moves, followed by 30 minutes for the rest of the gamewith an increment of 30 seconds per move starting from move 1"]
[WhiteFideId "24603295"]
[BlackFideId "24116068"]
[WhiteElo "2641"]
[BlackElo "2759"]

1. d4 {[%clk 01:30:57]} {[%emt 00:00:02]} Nf6 {[%clk 01:30:37]} {[%emt
00:00:23]} 2. c4 {[%clk 01:31:15]} {[%emt 00:00:11]} e6 {[%clk 01:30:40]}
{[%emt 00:00:27]} 3. Nc3 {[%clk 01:31:29]} {[%emt 00:00:18]} Bb4 {[%clk
01:30:24]} {[%emt 00:00:45]} 4. e3 {[%clk 01:31:33]} {[%emt 00:00:25]} O-O
{[%clk 01:30:19]} {[%emt 00:00:36]} 5. Bd3 {[%clk 01:31:43]} {[%emt 00:00:21]}
Re8 {[%clk 01:30:42]} {[%emt 00:00:06]} 6. Nge2 {[%clk 01:31:17]} {[%emt
00:00:55]} d5 {[%clk 01:31:05]} {[%emt 00:00:07]} 7. O-O {[%clk 01:31:24]}
{[%emt 00:00:24]} Bf8 {[%clk 01:31:24]} {[%emt 00:00:11]} 8. e4 {[%clk
01:22:20]} {[%emt 00:09:35]} dxe4 {[%clk 01:30:43]} {[%emt 00:01:12]} 9. Nxe4
{[%clk 01:22:43]} {[%emt 00:00:05]} Nxe4 {[%clk 01:30:51]} {[%emt 00:00:23]} 10.
Bxe4 {[%clk 01:23:06]} {[%emt 00:00:07]} Nd7 {[%clk 01:31:01]} {[%emt
00:00:20]} 11. Qc2 {[%clk 01:18:58]} {[%emt 00:04:38]} f5 {[%clk 01:29:46]}
{[%emt 00:01:44]} 12. Bf3 {[%clk 01:13:27]} {[%emt 00:06:01]} c6 {[%clk
01:29:44]} {[%emt 00:00:33]} 13. g3 {[%clk 01:03:17]} {[%emt 00:10:41]} e5
{[%clk 01:21:17]} {[%emt 00:08:57]} 14. Bg2 {[%clk 01:00:56]} {[%emt 00:02:50]}
exd4 {[%clk 01:10:32]} {[%emt 00:11:16]} 15. Nxd4 {[%clk 01:00:57]} {[%emt
00:00:28]} Ne5 {[%clk 01:10:43]} {[%emt 00:00:18]} 16. Rd1 {[%clk 00:49:59]}
{[%emt 00:11:28]} Qf6 {[%clk 01:10:01]} {[%emt 00:01:13]} 17. c5 {[%clk
00:46:50]} {[%emt 00:03:39]} a5 {[%clk 01:07:30]} {[%emt 00:03:01]} 18. b3
{[%clk 00:44:09]} {[%emt 00:03:12]} Qf7 {[%clk 01:02:14]} {[%emt 00:05:45]} 19.
h3 {[%clk 00:36:16]} {[%emt 00:08:23]} h6 {[%clk 00:57:12]} {[%emt 00:05:31]}
20. Re1 {[%clk 00:31:40]} {[%emt 00:05:07]} Bd7 {[%clk 00:56:23]} {[%emt
00:01:19]} 21. f4 {[%clk 00:26:38]} {[%emt 00:05:34]} Ng6 {[%clk 00:53:12]}
{[%emt 00:03:40]} 22. Be3 {[%clk 00:24:46]} {[%emt 00:02:22]} Re7 {[%clk
00:45:36]} {[%emt 00:08:06]} 23. Bf2 {[%clk 00:23:51]} {[%emt 00:01:25]} Rae8
{[%clk 00:40:40]} {[%emt 00:05:26]} 24. Rxe7 {[%clk 00:22:43]} {[%emt
00:01:38]} Nxe7 {[%clk 00:39:26]} {[%emt 00:01:44]} 25. Re1 {[%clk 00:19:56]}
{[%emt 00:03:18]} Nd5 {[%clk 00:36:38]} {[%emt 00:03:17]} 26. Rxe8 {[%clk
00:20:04]} {[%emt 00:00:22]} Qxe8 {[%clk 00:36:23]} {[%emt 00:00:44]} 27. Nxf5
{[%clk 00:15:41]} {[%emt 00:04:53]} Nb4 {[%clk 00:35:35]} {[%emt 00:01:17]} 28.
Qb1 {[%clk 00:15:57]} {[%emt 00:00:15]} Qh5 {[%clk 00:21:03]} {[%emt 00:15:02]}
29. Nd6 {[%clk 00:13:12]} {[%emt 00:03:16]} Bxh3 {[%clk 00:14:32]} {[%emt
00:07:01]} 30. Bxh3 {[%clk 00:11:50]} {[%emt 00:01:51]} Qxh3 {[%clk 00:15:00]}
{[%emt 00:00:02]} 31. Qg6 {[%clk 00:11:14]} {[%emt 00:01:06]} Qd7 {[%clk
00:13:55]} {[%emt 00:01:35]} 32. f5 {[%clk 00:06:30]} {[%emt 00:05:14]} Nd5
{[%clk 00:13:06]} {[%emt 00:01:19]} 33. Bd4 {[%clk 00:05:20]} {[%emt 00:01:40]}
Qe7 {[%clk 00:06:09]} {[%emt 00:07:26]} 34. Kf1 {[%clk 00:04:57]} {[%emt
00:00:53]} b5 {[%clk 00:02:26]} {[%emt 00:04:13]} 35. a4 {[%clk 00:04:12]}
{[%emt 00:01:16]} bxa4 {[%clk 00:01:50]} {[%emt 00:01:06]} 36. bxa4 {[%clk
00:04:39]} {[%emt 00:00:02]} Qd7 {[%clk 00:00:58]} {[%emt 00:01:22]} 37. f6
{[%clk 00:00:33]} {[%emt 00:04:37]} Nxf6 {[%clk 00:01:16]} {[%emt 00:00:12]} 38.
Bxf6 {[%clk 00:00:58]} {[%emt 00:00:05]} Qe6 {[%clk 00:01:39]} {[%emt
00:00:07]} 39. Ne4 {[%clk 00:01:14]} {[%emt 00:00:14]} Qc4+ {[%clk 00:01:20]}
{[%emt 00:00:48]} 40. Kg2 {[%clk 00:01:23]} {[%emt 00:00:21]} Qe2+ {[%clk
00:00:31]} {[%emt 00:01:20]} 41. Kh3 {[%clk 00:19:19]} {[%emt 00:12:34]} Qf1+
{[%clk 00:22:37]} {[%emt 00:08:24]} 42. Kg4 {[%clk 00:18:52]} {[%emt 00:00:56]}
Qd1+ {[%clk 00:20:33]} {[%emt 00:02:35]} 43. Kf5 {[%clk 00:16:52]} {[%emt
00:02:31]} Qd7+ {[%clk 00:09:40]} {[%emt 00:11:23]} 44. Kf4 {[%clk 00:16:44]}
{[%emt 00:00:38]} Qe6 {[%clk 00:07:15]} {[%emt 00:02:55]} 45. g4 {[%clk
00:16:09]} {[%emt 00:01:05]} Qc4 {[%clk 00:06:58]} {[%emt 00:00:47]} 46. Bc3
{[%clk 00:15:03]} {[%emt 00:01:35]} Qf1+ {[%clk 00:06:23]} {[%emt 00:01:05]} 47.
Ke5 {[%clk 00:14:44]} {[%emt 00:00:49]} 1-0

[Event "FIDE World Cup 2025"]
[Site "Goa, India"]
[Date "2025.11.08"]
[Round "21.8"]
[White "Martinez Alcantara, Jose Eduardo"]
[Black "Abdusattorov, Nodirbek"]
[Result "1-0"]
[TimeControl ": 90 minutes for the first 40 moves, followed by 30 minutes for the rest of the gamewith an increment of 30 seconds per move starting from move 1"]
[WhiteFideId "3805662"]
[BlackFideId "14204118"]
[WhiteElo "2644"]
[BlackElo "2750"]

1. e4 {[%clk 01:30:41]} {[%emt 00:00:17]} c5 {[%clk 01:30:41]} {[%emt
00:00:20]} 2. c3 {[%clk 01:31:04]} {[%emt 00:00:07]} Nf6 {[%clk 01:28:45]}
{[%emt 00:02:26]} 3. e5 {[%clk 01:31:28]} {[%emt 00:00:06]} Nd5 {[%clk
01:29:10]} {[%emt 00:00:05]} 4. d4 {[%clk 01:31:41]} {[%emt 00:00:17]} e6
{[%clk 01:28:48]} {[%emt 00:00:52]} 5. Nf3 {[%clk 01:32:00]} {[%emt 00:00:11]}
cxd4 {[%clk 01:28:32]} {[%emt 00:00:46]} 6. cxd4 {[%clk 01:32:24]} {[%emt
00:00:05]} b6 {[%clk 01:28:51]} {[%emt 00:00:11]} 7. Bd2 {[%clk 01:30:14]}
{[%emt 00:02:40]} Bb7 {[%clk 01:25:16]} {[%emt 00:04:06]} 8. Nc3 {[%clk
01:29:22]} {[%emt 00:01:21]} Nxc3 {[%clk 01:25:02]} {[%emt 00:00:45]} 9. Bxc3
{[%clk 01:29:21]} {[%emt 00:00:31]} Na6 {[%clk 01:24:02]} {[%emt 00:01:30]} 10.
a3 {[%clk 01:12:18]} {[%emt 00:17:33]} Nc7 {[%clk 01:23:57]} {[%emt 00:00:36]}
11. Bd3 {[%clk 01:12:43]} {[%emt 00:00:05]} Be7 {[%clk 01:16:42]} {[%emt
00:07:44]} 12. Qe2 {[%clk 01:10:23]} {[%emt 00:02:51]} O-O {[%clk 01:15:21]}
{[%emt 00:01:50]} 13. h4 {[%clk 00:55:12]} {[%emt 00:15:41]} h6 {[%clk
01:04:31]} {[%emt 00:11:21]} 14. Bd2 {[%clk 00:53:53]} {[%emt 00:01:49]} f5
{[%clk 00:56:35]} {[%emt 00:08:26]} 15. exf6 {[%clk 00:54:17]} {[%emt
00:00:05]} Bxf6 {[%clk 00:57:02]} {[%emt 00:00:03]} 16. Rh3 {[%clk 00:53:50]}
{[%emt 00:00:56]} d6 {[%clk 00:56:04]} {[%emt 00:01:29]} 17. Rc1 {[%clk
00:51:02]} {[%emt 00:03:19]} Qd7 {[%clk 00:47:02]} {[%emt 00:09:32]} 18. Bb1
{[%clk 00:39:23]} {[%emt 00:12:08]} Nd5 {[%clk 00:35:47]} {[%emt 00:11:46]} 19.
Qd3 {[%clk 00:35:52]} {[%emt 00:04:01]} Kf7 {[%clk 00:35:26]} {[%emt 00:00:51]}
20. Rg3 {[%clk 00:32:16]} {[%emt 00:04:06]} Ke8 {[%clk 00:32:06]} {[%emt
00:03:50]} 21. Kf1 {[%clk 00:23:55]} {[%emt 00:08:51]} Kd8 {[%clk 00:32:21]}
{[%emt 00:00:14]} 22. Re1 {[%clk 00:21:46]} {[%emt 00:02:39]} Kc7 {[%clk
00:30:00]} {[%emt 00:02:53]} 23. Qe2 {[%clk 00:20:41]} {[%emt 00:01:34]} Rae8
{[%clk 00:30:02]} {[%emt 00:00:28]} 24. Bd3 {[%clk 00:21:06]} {[%emt 00:00:06]}
Bc6 {[%clk 00:27:47]} {[%emt 00:02:44]} 25. Kg1 {[%clk 00:19:30]} {[%emt
00:02:07]} Kb8 {[%clk 00:26:30]} {[%emt 00:01:46]} 26. Bg6 {[%clk 00:18:45]}
{[%emt 00:01:15]} Re7 {[%clk 00:26:07]} {[%emt 00:00:52]} 27. Be4 {[%clk
00:19:10]} {[%emt 00:00:05]} Bb7 {[%clk 00:24:48]} {[%emt 00:01:49]} 28. Qd3
{[%clk 00:17:31]} {[%emt 00:02:08]} Rc8 {[%clk 00:23:34]} {[%emt 00:01:45]} 29.
Qb3 {[%clk 00:17:24]} {[%emt 00:00:36]} Qd8 {[%clk 00:15:08]} {[%emt 00:08:56]}
30. a4 {[%clk 00:16:12]} {[%emt 00:01:44]} a6 {[%clk 00:13:48]} {[%emt
00:01:49]} 31. Bd3 {[%clk 00:15:52]} {[%emt 00:00:50]} Ka7 {[%clk 00:13:38]}
{[%emt 00:00:40]} 32. Rg4 {[%clk 00:14:52]} {[%emt 00:01:30]} Qd7 {[%clk
00:12:52]} {[%emt 00:01:15]} 33. Ne5 {[%clk 00:11:19]} {[%emt 00:04:04]} Qd8
{[%clk 00:07:43]} {[%emt 00:05:39]} 34. Nc4 {[%clk 00:10:16]} {[%emt 00:01:32]}
g5 {[%clk 00:08:04]} {[%emt 00:00:09]} 35. hxg5 {[%clk 00:09:22]} {[%emt
00:01:23]} Bxg5 {[%clk 00:07:05]} {[%emt 00:01:29]} 36. Rxg5 {[%clk 00:06:43]}
{[%emt 00:03:10]} hxg5 {[%clk 00:07:27]} {[%emt 00:00:08]} 37. Bxg5 {[%clk
00:07:12]} Qc7 {[%clk 00:03:20]} {[%emt 00:04:37]} 38. Bxe7 {[%clk 00:07:30]}
{[%emt 00:00:12]} Qxe7 {[%clk 00:03:46]} {[%emt 00:00:05]} 39. Be4 {[%clk
00:07:28]} {[%emt 00:00:31]} Qc7 {[%clk 00:04:04]} {[%emt 00:00:12]} 40. Nd2
{[%clk 00:05:02]} {[%emt 00:02:57]} Qg7 {[%clk 00:00:32]} {[%emt 00:04:01]} 41.
Nc4 {[%clk 00:04:02]} {[%emt 00:01:30]} Qc7 {[%clk 00:29:47]} {[%emt 00:01:14]}
42. Nd2 {[%clk 00:32:46]} {[%emt 00:01:46]} Rh8 {[%clk 00:25:22]} {[%emt
00:04:55]} 43. Qg3 {[%clk 00:26:19]} {[%emt 00:06:57]} Qf7 {[%clk 00:20:46]}
{[%emt 00:05:06]} 44. Nc4 {[%clk 00:13:47]} {[%emt 00:13:02]} Nf4 {[%clk
00:11:46]} {[%emt 00:09:29]} 45. Nxd6 {[%clk 00:14:11]} {[%emt 00:00:06]} Qf6
{[%clk 00:06:45]} {[%emt 00:05:31]} 46. Nxb7 {[%clk 00:09:50]} {[%emt
00:04:51]} Qh6 {[%clk 00:07:06]} {[%emt 00:00:08]} 47. f3 {[%clk 00:10:16]}
{[%emt 00:00:05]} Qf6 {[%clk 00:07:26]} {[%emt 00:00:10]} 48. Re3 {[%clk
00:10:33]} {[%emt 00:00:13]} Rf8 {[%clk 00:04:35]} {[%emt 00:03:21]} 49. Nd6
{[%clk 00:09:25]} {[%emt 00:01:39]} Qxd4 {[%clk 00:05:03]} {[%emt 00:00:02]} 50.
Kf1 {[%clk 00:09:33]} {[%emt 00:00:22]} Kb8 {[%clk 00:01:13]} {[%emt 00:04:20]}
51. Nf5 {[%clk 00:08:43]} {[%emt 00:01:21]} Qe5 {[%clk 00:00:39]} {[%emt
00:01:03]} 52. Qg7 {[%clk 00:08:49]} {[%emt 00:00:23]} Kc7 {[%emt 00:00:06]}
1-0

[Event "FIDE World Cup 2025"]
[Site "Goa, India"]
[Date "2025.11.08"]
[Round "21.30"]
[White "Meier, Georg"]
[Black "Dubov, Daniil"]
[Result "1/2-1/2"]
[TimeControl ": 90 minutes for the first 40 moves, followed by 30 minutes for the rest of the gamewith an increment of 30 seconds per move starting from move 1"]
[WhiteFideId "4675789"]
[BlackFideId "24126055"]
[WhiteElo "2596"]
[BlackElo "2684"]

1. c4 {[%clk 01:30:56]} {[%emt 00:00:03]} g6 {[%clk 01:29:56]} {[%emt
00:01:04]} 2. Nc3 {[%clk 01:26:24]} {[%emt 00:05:02]} c5 {[%clk 01:29:45]}
{[%emt 00:00:42]} 3. g3 {[%clk 01:26:34]} {[%emt 00:00:19]} Bg7 {[%clk
01:30:09]} {[%emt 00:00:06]} 4. Bg2 {[%clk 01:26:58]} {[%emt 00:00:05]} Nc6
{[%clk 01:30:34]} {[%emt 00:00:06]} 5. e3 {[%clk 01:26:42]} {[%emt 00:00:46]}
e6 {[%clk 01:30:50]} {[%emt 00:00:15]} 6. Nge2 {[%clk 01:27:04]} {[%emt
00:00:07]} Nge7 {[%clk 01:31:13]} {[%emt 00:00:06]} 7. O-O {[%clk 01:26:52]}
{[%emt 00:00:43]} O-O {[%clk 01:31:37]} {[%emt 00:00:06]} 8. d4 {[%clk
01:27:17]} {[%emt 00:00:05]} cxd4 {[%clk 01:31:58]} {[%emt 00:00:09]} 9. Nxd4
{[%clk 01:23:56]} {[%emt 00:03:51]} d5 {[%clk 01:32:08]} {[%emt 00:00:20]} 10.
cxd5 {[%clk 01:24:17]} {[%emt 00:00:10]} Nxd4 {[%clk 01:29:16]} {[%emt
00:03:22]} 11. exd4 {[%clk 01:24:39]} {[%emt 00:00:08]} exd5 {[%clk 01:29:14]}
{[%emt 00:00:32]} 12. Re1 {[%clk 01:18:12]} {[%emt 00:06:56]} Be6 {[%clk
01:28:38]} {[%emt 00:01:07]} 13. Bg5 {[%clk 01:11:46]} {[%emt 00:06:56]} Re8
{[%clk 01:27:56]} {[%emt 00:01:12]} 14. Qd2 {[%clk 01:06:36]} {[%emt 00:05:40]}
Qd7 {[%clk 01:27:11]} {[%emt 00:01:15]} 15. Bxe7 {[%clk 01:03:50]} {[%emt
00:03:16]} Rxe7 {[%clk 01:27:25]} {[%emt 00:00:17]} 16. Nxd5 {[%clk 01:04:09]}
{[%emt 00:00:12]} Bxd5 {[%clk 01:27:39]} {[%emt 00:00:16]} 17. Rxe7 {[%clk
01:04:32]} {[%emt 00:00:06]} Qxe7 {[%clk 01:28:06]} {[%emt 00:00:03]} 18. Bxd5
{[%clk 01:04:53]} {[%emt 00:00:09]} Qd7 {[%clk 01:27:15]} {[%emt 00:01:22]} 19.
Bb3 {[%emt 00:14:35]} a5 {[%clk 01:16:32]} 20. Rd1 {[%clk 00:55:20]} {[%emt
00:07:10]} b5 {[%clk 01:15:38]} {[%emt 00:01:24]} 21. a3 {[%clk 00:54:14]}
{[%emt 00:01:36]} a4 {[%clk 01:14:33]} {[%emt 00:01:36]} 22. Ba2 {[%clk
00:53:09]} {[%emt 00:01:34]} Rd8 {[%clk 01:13:57]} {[%emt 00:01:07]} 23. Qf4
{[%clk 00:44:56]} {[%emt 00:08:43]} Qf5 {[%clk 01:09:45]} {[%emt 00:04:42]} 24.
Qxf5 {[%clk 00:42:56]} {[%emt 00:02:30]} gxf5 {[%clk 01:09:35]} {[%emt
00:00:39]} 25. Rc1 {[%clk 00:39:02]} {[%emt 00:04:24]} Bxd4 {[%clk 01:09:30]}
{[%emt 00:00:36]} 26. Rc7 {[%clk 00:38:06]} {[%emt 00:01:26]} Bxb2 {[%clk
01:08:39]} {[%emt 00:01:21]} 27. Rxf7 {[%clk 00:33:09]} {[%emt 00:05:27]} Kh8
{[%clk 00:59:08]} {[%emt 00:10:01]} 28. Rxf5 {[%clk 00:33:26]} {[%emt
00:00:12]} Rd2 {[%clk 00:57:05]} {[%emt 00:02:34]} 29. Rxb5 {[%clk 00:27:16]}
{[%emt 00:06:39]} Bd4 {[%clk 00:55:59]} {[%emt 00:01:36]} 30. Rb8+ {[%clk
00:22:17]} {[%emt 00:05:30]} Kg7 {[%clk 00:56:26]} {[%emt 00:00:02]} 31. Rb7+
{[%clk 00:22:28]} {[%emt 00:00:19]} Kh8 {[%clk 00:56:22]} {[%emt 00:00:34]} 32.
Rb8+ {[%clk 00:22:51]} {[%emt 00:00:08]} Kg7 {[%clk 00:56:50]} {[%emt
00:00:02]} 33. Rb7+ {[%clk 00:23:14]} {[%emt 00:00:07]} Kh8 {[%clk 00:57:18]}
{[%emt 00:00:02]} 34. Bb1 {[%clk 00:22:39]} {[%emt 00:01:06]} h6 {[%clk
00:51:17]} {[%emt 00:06:30]} 35. Be4 {[%clk 00:14:49]} {[%emt 00:08:20]} Re2
{[%clk 00:44:18]} {[%emt 00:07:29]} 36. Rb4 {[%clk 00:12:46]} {[%emt 00:02:33]}
Bxf2+ {[%clk 00:41:35]} {[%emt 00:03:12]} 37. Kf1 {[%clk 00:13:11]} {[%emt
00:00:05]} Rd2 {[%clk 00:38:01]} {[%emt 00:04:05]} 38. Rxa4 {[%clk 00:12:13]}
{[%emt 00:01:28]} Bc5 {[%clk 00:32:09]} {[%emt 00:06:22]} 39. h4 {[%clk
00:09:06]} {[%emt 00:03:37]} Kg7 {[%clk 00:19:42]} {[%emt 00:12:57]} 40. Ra6
{[%clk 00:08:42]} {[%emt 00:00:54]} Rf2+ {[%clk 00:14:20]} {[%emt 00:05:52]} 41.
Ke1 {[%clk 00:09:00]} {[%emt 00:00:12]} Rf6 {[%clk 00:13:14]} {[%emt 00:01:37]}
42. Rxf6 {[%clk 00:02:29]} {[%emt 00:07:00]} Kxf6 {[%clk 00:13:27]} {[%emt
00:00:17]} 43. a4 {[%clk 00:02:57]} {[%emt 00:00:02]} Bd6 {[%clk 00:20:18]}
{[%emt 00:23:39]} 44. Kf2 {[%clk 00:29:33]} {[%emt 00:03:54]} Bc7 {[%clk
00:20:46]} {[%emt 00:00:03]} 45. Bc6 {[%clk 00:29:41]} {[%emt 00:00:21]} Ke6
{[%clk 00:19:53]} {[%emt 00:01:22]} 46. Be8 {[%clk 00:28:13]} {[%emt 00:01:59]}
Ke7 {[%clk 00:18:23]} {[%emt 00:02:01]} 47. Bg6 {[%clk 00:28:21]} {[%emt
00:00:21]} Ke6 {[%clk 00:18:22]} {[%emt 00:00:31]} 48. Bh5 {[%clk 00:28:06]}
{[%emt 00:00:46]} Bb6+ {[%clk 00:16:39]} {[%emt 00:02:13]} 49. Kf3 {[%clk
00:27:42]} {[%emt 00:00:53]} Bc7 {[%clk 00:16:41]} {[%emt 00:00:28]} 50. Bg4+
{[%clk 00:26:13]} {[%emt 00:01:59]} Kd5 {[%clk 00:15:43]} {[%emt 00:01:29]} 51.
Bd7 {[%clk 00:26:22]} {[%emt 00:00:21]} Kd4 {[%clk 00:15:40]} {[%emt 00:00:33]}
52. Kg4 {[%clk 00:25:18]} {[%emt 00:01:34]} Kd5 {[%clk 00:15:22]} {[%emt
00:00:48]} 53. Bc8 {[%clk 00:25:33]} {[%emt 00:00:15]} Kd4 {[%clk 00:15:10]}
{[%emt 00:00:43]} 54. Bb7 {[%clk 00:24:27]} {[%emt 00:01:36]} Kc5 {[%clk
00:15:16]} {[%emt 00:00:24]} 55. Kf3 {[%clk 00:24:30]} {[%emt 00:00:27]} Kd4
{[%clk 00:14:49]} {[%emt 00:00:57]} 56. Bc8 {[%clk 00:24:22]} {[%emt 00:00:38]}
Bd8 {[%clk 00:14:33]} {[%emt 00:00:45]} 57. Bd7 {[%clk 00:24:32]} {[%emt
00:00:20]} Bc7 {[%clk 00:14:54]} {[%emt 00:00:10]} 58. g4 {[%clk 00:24:03]}
{[%emt 00:00:59]} Bd8 {[%clk 00:15:14]} {[%emt 00:00:10]} 59. g5 {[%clk
00:23:04]} {[%emt 00:00:48]} Ke5 {[%emt 00:00:14]} 60. Ke4+ 1/2-1/2

[Event "FIDE World Cup 2025"]
[Site "Goa, India"]
[Date "2025.11.09"]
[Round "23.1"]
[White "Gledura, Benjamin"]
[Black "Wei, Yi"]
[Result "1/2-1/2"]
[TimeControl ": 90 minutes for the first 40 moves, followed by 30 minutes for the rest of the gamewith an increment of 30 seconds per move starting from move 1"]
[WhiteFideId "712779"]
[BlackFideId "8603405"]
[WhiteElo "2643"]
[BlackElo "2754"]

1. c4 {[%clk 00:15:17]} {[%emt 00:00:03]} e6 {[%clk 00:15:11]} {[%emt
00:00:09]} 2. Nc3 {[%clk 00:14:34]} {[%emt 00:00:52]} c5 {[%clk 00:15:19]}
{[%emt 00:00:03]} 3. e3 {[%clk 00:14:18]} {[%emt 00:00:26]} d5 {[%clk
00:14:56]} {[%emt 00:00:34]} 4. cxd5 {[%clk 00:14:17]} {[%emt 00:00:11]} exd5
{[%clk 00:15:02]} {[%emt 00:00:03]} 5. d4 {[%clk 00:14:24]} {[%emt 00:00:03]}
cxd4 {[%clk 00:14:50]} {[%emt 00:00:22]} 6. exd4 {[%clk 00:14:01]} {[%emt
00:00:33]} Bb4 {[%clk 00:14:22]} {[%emt 00:00:38]} 7. Bd3 {[%clk 00:13:14]}
{[%emt 00:00:57]} Ne7 {[%clk 00:13:50]} {[%emt 00:00:41]} 8. Nge2 {[%clk
00:13:13]} {[%emt 00:00:12]} Nbc6 {[%clk 00:13:24]} {[%emt 00:00:37]} 9. O-O
{[%clk 00:13:19]} {[%emt 00:00:04]} Bf5 {[%clk 00:12:52]} {[%emt 00:00:42]} 10.
Bxf5 {[%clk 00:12:59]} {[%emt 00:00:29]} Nxf5 {[%clk 00:12:55]} {[%emt
00:00:07]} 11. Nf4 {[%clk 00:13:07]} {[%emt 00:00:03]} O-O {[%clk 00:12:03]}
{[%emt 00:01:01]} 12. Ncxd5 {[%clk 00:13:13]} {[%emt 00:00:04]} Bd6 {[%clk
00:11:38]} {[%emt 00:00:35]} 13. Qg4 {[%clk 00:08:54]} {[%emt 00:04:29]} Ncxd4
{[%clk 00:10:30]} {[%emt 00:01:18]} 14. Be3 {[%clk 00:08:50]} {[%emt 00:00:14]}
Bxf4 {[%clk 00:07:59]} {[%emt 00:02:42]} 15. Nxf4 {[%clk 00:08:54]} {[%emt
00:00:06]} Qf6 {[%clk 00:07:09]} {[%emt 00:00:59]} 16. Rad1 {[%clk 00:07:10]}
{[%emt 00:01:53]} Rad8 {[%clk 00:06:43]} {[%emt 00:00:36]} 17. Bxd4 {[%clk
00:05:11]} {[%emt 00:02:10]} Rxd4 {[%clk 00:06:24]} {[%emt 00:00:29]} 18. Rxd4
{[%clk 00:05:12]} {[%emt 00:00:09]} Nxd4 {[%clk 00:06:32]} {[%emt 00:00:02]} 19.
Re1 {[%clk 00:03:04]} {[%emt 00:02:18]} Nc6 {[%clk 00:06:20]} {[%emt 00:00:22]}
20. Re2 {[%clk 00:01:35]} {[%emt 00:01:39]} Nd4 {[%clk 00:05:31]} {[%emt
00:00:59]} 21. Re3 {[%clk 00:01:34]} {[%emt 00:00:11]} Nc6 {[%clk 00:05:24]}
{[%emt 00:00:17]} 22. h4 {[%clk 00:01:36]} {[%emt 00:00:07]} Qxb2 {[%clk
00:05:21]} {[%emt 00:00:13]} 23. h5 {[%clk 00:01:43]} {[%emt 00:00:03]} h6
{[%clk 00:05:16]} {[%emt 00:00:15]} 24. Qd7 {[%clk 00:01:38]} {[%emt 00:00:16]}
Qb1+ {[%clk 00:04:17]} {[%emt 00:01:08]} 25. Kh2 {[%clk 00:01:46]} {[%emt
00:00:03]} Qxa2 {[%clk 00:04:09]} {[%emt 00:00:18]} 26. Re8 {[%clk 00:01:19]}
{[%emt 00:00:37]} Qxf2 {[%clk 00:03:17]} {[%emt 00:01:01]} 27. Rxf8+ {[%clk
00:00:31]} {[%emt 00:00:58]} Kxf8 {[%clk 00:03:25]} {[%emt 00:00:03]} 28. Qc8+
{[%clk 00:00:20]} {[%emt 00:00:21]} Ke7 {[%clk 00:03:33]} {[%emt 00:00:01]} 29.
Qxb7+ {[%clk 00:00:19]} {[%emt 00:00:12]} Kd6 {[%clk 00:03:41]} {[%emt
00:00:01]} 30. Qxf7 {[%clk 00:00:22]} {[%emt 00:00:08]} Qh4+ {[%clk 00:03:46]}
{[%emt 00:00:04]} 31. Kg1 {[%clk 00:00:30]} {[%emt 00:00:03]} Qe1+ {[%clk
00:03:46]} {[%emt 00:00:10]} 32. Kh2 {[%clk 00:00:38]} Qh4+ {[%clk 00:03:45]}
{[%emt 00:00:11]} 33. Nh3 {[%clk 00:00:45]} {[%emt 00:00:03]} Qf6 {[%clk
00:03:20]} {[%emt 00:00:34]} 34. Qc4 {[%clk 00:00:44]} {[%emt 00:00:11]} a5
{[%clk 00:03:07]} {[%emt 00:00:24]} 35. Nf4 {[%clk 00:00:49]} {[%emt 00:00:05]}
Qd4 {[%clk 00:02:06]} {[%emt 00:01:09]} 36. Qe6+ {[%clk 00:00:55]} {[%emt
00:00:05]} Kc5 {[%clk 00:02:15]} {[%emt 00:00:01]} 37. Qf5+ {[%clk 00:00:42]}
{[%emt 00:00:24]} Qe5 {[%clk 00:02:20]} {[%emt 00:00:04]} 38. Qc2+ {[%clk
00:00:50]} {[%emt 00:00:02]} Kb5 {[%clk 00:02:01]} {[%emt 00:00:29]} 39. Qd3+
{[%clk 00:00:43]} {[%emt 00:00:18]} Kb4 {[%clk 00:01:53]} {[%emt 00:00:16]} 40.
g3 {[%clk 00:00:49]} {[%emt 00:00:06]} a4 {[%emt 00:00:25]} 41. Qd7 {[%clk
00:00:56]} Qe4 {[%clk 00:01:20]} {[%emt 00:00:29]} 42. Qb7+ {[%clk 00:00:53]}
{[%emt 00:00:13]} Kc3 {[%clk 00:01:05]} {[%emt 00:00:25]} 43. Qxg7+ {[%clk
00:00:58]} {[%emt 00:00:05]} Nd4 {[%clk 00:01:11]} {[%emt 00:00:04]} 44. Qxh6
{[%clk 00:00:31]} {[%emt 00:00:37]} a3 {[%clk 00:01:18]} {[%emt 00:00:03]} 45.
Qa6 {[%clk 00:00:34]} {[%emt 00:00:06]} Qc2+ {[%clk 00:00:59]} {[%emt
00:00:30]} 46. Kh3 {[%clk 00:00:43]} {[%emt 00:00:02]} Qf5 {[%clk 00:00:50]}
{[%emt 00:00:18]} 47. g4 {[%clk 00:00:22]} {[%emt 00:00:31]} Qxf4 {[%clk
00:00:58]} {[%emt 00:00:03]} 48. Qxa3+ {[%clk 00:00:31]} {[%emt 00:00:01]} Kd2
{[%clk 00:00:53]} {[%emt 00:00:13]} 49. Qg3 {[%clk 00:00:38]} {[%emt 00:00:04]}
Qg5 {[%clk 00:00:50]} {[%emt 00:00:12]} 50. Qh4 {[%clk 00:00:13]} {[%emt
00:00:36]} Qd5 {[%clk 00:00:47]} {[%emt 00:00:13]} 51. Qf2+ {[%clk 00:00:20]}
{[%emt 00:00:03]} Kd3 {[%clk 00:00:45]} {[%emt 00:00:12]} 52. Kg3 {[%clk
00:00:24]} {[%emt 00:00:06]} Qg5 {[%clk 00:00:35]} {[%emt 00:00:19]} 53. Kh3
{[%clk 00:00:17]} {[%emt 00:00:18]} Qd5 {[%clk 00:00:22]} {[%emt 00:00:22]} 54.
Kh4 {[%clk 00:00:21]} {[%emt 00:00:07]} Qh1+ {[%clk 00:00:19]} {[%emt
00:00:13]} 55. Kg5 {[%clk 00:00:29]} {[%emt 00:00:02]} Qd5+ {[%clk 00:00:21]}
{[%emt 00:00:08]} 56. Kh4 {[%clk 00:00:17]} {[%emt 00:00:22]} Qh1+ {[%clk
00:00:28]} {[%emt 00:00:03]} 57. Kg5 {[%clk 00:00:25]} {[%emt 00:00:02]} Qd5+
{[%clk 00:00:35]} {[%emt 00:00:03]} 58. Kg6 {[%clk 00:00:30]} {[%emt 00:00:05]}
Qg8+ {[%clk 00:00:14]} {[%emt 00:00:32]} 59. Kh6 {[%clk 00:00:32]} {[%emt
00:00:07]} Qxg4 {[%clk 00:00:21]} {[%emt 00:00:02]} 60. Qf6 {[%clk 00:00:31]}
{[%emt 00:00:12]} 1/2-1/2